Synkopy /

Hlavní autor: Kainar, Josef, 1917-1971
Další autoři: Suchý, Jiří, 1931 říjen 1.-
Jazyk: Čeština
Vydáno: Praha : Odeon, 2003
Vydání: 1. vyd.
Edice: Skvosty poezie (Odeon)
Témata:
Externí odkaz: Digitalizovaný dokument
Fyzický popis: 126 s. : il. ; 15 cm
Knihy
Uloženo v:
LEADER 01234nam a2200349 a 4500
001 000679181
003 CZ BrMZK
005 20081105085804.0
007 ta
008 030724s2003 xr a g 000 p cze d
015 |a cnb001241171 
020 |a 80-207-1140-6  |q (váz.) 
035 |a (OCoLC)53319725 
040 |a BOA001  |b cze 
072 7 |a 821.162.3-1  |x Česká poezie  |2 Konspekt  |9 25 
080 |a 821.162.3-1  |2 MRF 
080 |a (0:82-1)  |2 MRF 
080 |a (0:82-192)  |2 MRF 
100 1 |a Kainar, Josef,  |d 1917-1971  |7 jk01052554  |4 aut 
245 1 0 |a Synkopy /  |c Josef Kainar ; [ilustrační doprovod Jiří Suchý] 
250 |a 1. vyd. 
260 |a Praha :  |b Odeon,  |c 2003 
300 |a 126 s. :  |b il. ;  |c 15 cm 
490 1 |a Skvosty poezie ;  |v sv. 8 
655 7 |a česká poezie  |7 fd133958  |2 czenas 
655 7 |a písňové texty  |7 fd133190  |2 czenas 
700 1 |a Suchý, Jiří,  |d 1931 říjen 1.-  |7 jk01121734  |4 ill 
830 0 |a Skvosty poezie (Odeon)  |0 s 
856 4 1 |u http://www.digitalniknihovna.cz/mzk/uuid/uuid:c46ae260-d05a-11e3-b110-005056827e51  |y Digitalizovaný dokument  |x NDK 
910 |a BOA001  |b 1-1122.065 
990 |a BK 
996 6 |b 2610195860  |c 1-1122.065  |l MZK  |r Sklad / do 1 hodiny  |n 4  |p p.v.  |w 000679181  |u 000010  |a 1  |e BOA001  |j MZK50  |s P